TEXT BOOK OF ANATOMY (Record no. 8266)

MARC details
000 -LEADER
fixed length control field 00316nam a22001577a 4500
003 - CONTROL NUMBER IDENTIFIER
control field SGT
082 ## - DEWEY DECIMAL CLASSIFICATION NUMBER
Classification number 611
Item number T14S
100 ## - MAIN ENTRY--PERSONAL NAME
Personal name SINGH,VISHRAM
245 ## - TITLE STATEMENT
Title TEXT BOOK OF ANATOMY
250 ## - EDITION STATEMENT
Edition statement 2ND
260 ## - PUBLICATION, DISTRIBUTION, ETC. (IMPRINT)
Place of publication, distribution, etc DELHI
Name of publisher, distributor, etc ELSEVIER
Year of Publication 2014
300 ## - PAGE DESCRIPTION
No. of Pages 506
650 ## - SUBJECT ADDED ENTRY--TOPICAL TERM
Topical term or geographic name as entry element ANATOMY
653 ## - KEYWORDS--INDEX TERM
Keyword term ANATOMY
942 ## - ADDED ENTRY ELEMENTS (KOHA)
Source of classification or shelving scheme Dewey Decimal Classification
Koha item type Books
942 ## - ADDED ENTRY ELEMENTS (KOHA)
-- 50
Holdings
Withdrawn status Lost status Source of classification or shelving scheme Damaged status Not for loan Collection code Home library Current library Shelving location Date acquired Vendor Name Cost, normal purchase price Volume Information (Serial or Books or Non-Book Material) SGTU Bill Number Total Checkouts Total Renewals Full call number Accession No. (Barcode) Date last seen Date last borrowed Bill Date Koha item type
    Dewey Decimal Classification     AYURVEDA SGT FA-FP Library SGT FA-FP Library Text Book 01/03/2016 AHUJA 625.00 2 SGTU 6404 16 1 611 T14S FA2692 07/05/2024 07/05/2024 22/12/2015 Books
    Dewey Decimal Classification     AYURVEDA SGT FA-FP Library SGT FA-FP Library Text Book 01/03/2016 AHUJA 625.00 2 SGTU 6404 5   611 T14S FA2693 24/02/2025 24/02/2025 22/12/2015 Books
    Dewey Decimal Classification     AYURVEDA SGT FA-FP Library SGT FA-FP Library Text Book 01/03/2016 AHUJA 625.00 2 SGTU 6404 3   611 T14S FA2694 08/10/2020 06/10/2020 22/12/2015 Books
    Dewey Decimal Classification     AYURVEDA SGT FA-FP Library SGT FA-FP Library Text Book 01/03/2016 AHUJA 625.00 2 SGTU 6404     611 T14S FA2695 01/03/2016   22/12/2015 Books
    Dewey Decimal Classification     AYURVEDA SGT FA-FP Library SGT FA-FP Library Text Book 01/03/2016 AHUJA 625.00 2 SGTU 6404     611 T14S FA2696 12/10/2020   22/12/2015 Books
    Dewey Decimal Classification     AYURVEDA SGT FA-FP Library SGT FA-FP Library Text Book 01/03/2016 AHUJA 625.00 2 SGTU 6404 11   611 T14S FA2697 14/06/2024 22/05/2024 22/12/2015 Books
    Dewey Decimal Classification     AYURVEDA SGT FA-FP Library SGT FA-FP Library Text Book 01/03/2016 AHUJA 625.00 2 SGTU 6404 15   611 T14S FA2698 05/02/2025 23/01/2025 22/12/2015 Books
    Dewey Decimal Classification     AYURVEDA SGT FA-FP Library SGT FA-FP Library Text Book 01/03/2016 AHUJA 625.00 2 SGTU 6404 18   611 T14S FA2699 12/08/2024 26/07/2024 22/12/2015 Books
    Dewey Decimal Classification     AYURVEDA SGT FA-FP Library SGT FA-FP Library Text Book 01/03/2016 AHUJA 625.00 2 SGTU 6404 12   611 T14S FA2700 26/02/2024 07/02/2024 22/12/2015 Books
    Dewey Decimal Classification     AYURVEDA SGT FA-FP Library SGT FA-FP Library Text Book 01/03/2016 AHUJA 625.00 2 SGTU 6404 14   611 T14S FA2701 28/02/2025 10/02/2025 22/12/2015 Books